Normale Ansicht MARC-Ansicht ISBD

The Irish Against the War : (Titelsatznr. 72165)

[ MARC ]
MARC-Details
000 -Satzkennung
Kontrollfeld mit fester Länge 01612nam a22003973i 4500
001 - Kontrollnummer
Kontrollfeld EBC31192052
003 - Kontrollnummer Identifier
Kontrollfeld MiAaPQ
005 - Datum und Zeit der letzten Transaktion
Kontrollfeld 20250217121803.0
007 - Feld mit fester Länge zur physischen Beschreibung - Allgemeine Information
Kontrollfeld mit fester Länge cr cnu||||||||
008 - Feld mit fester Länge zur physischen Beschreibung - Allgemeine Angaben
Kontrollfeld mit fester Länge 250204s2024 xx o ||||0 eng d
020 ## - Internationale Standardbuchnummer
Internationale Standardbuchnummer 9781803740485
Nähere Angaben (electronic bk.)
020 ## - Internationale Standardbuchnummer
Gelöschte/ungültige ISBN 9781800799981
040 ## - Katalogisierungsquelle
Original-Katalogisierungsstelle MiAaPQ
Katalogisierungssprache eng
Übertragungsstelle MiAaPQ
100 1# - Haupteintragung - Personenname
Personenname Maher, Eamon.
Koha-Normdatenidentnummer 65806
245 14 - Titel
Titel The Irish Against the War :
Zusatz zum Titel Postcolonial Identity and Political Activism in Contemporary Ireland.
250 ## - Ausgabebezeichnung
Ausgabebezeichnung 1st ed.
264 #1 - Produktion, Veröffentlichung, Distribution, Herstellung und Urheberrechtsvermerk
Herstellungs-, Veröffentlichungs- Vertriebs-, Erzeugungsort Oxford :
Produzent, Herausgeber, Distributor, Hersteller Peter Lang Ltd. International Academic Publishers,
Datum der Herstellung, der Veröffentlichung, des Vertriebs oder des Urheberschutzvermerks 2024.
264 #4 - Produktion, Veröffentlichung, Distribution, Herstellung und Urheberrechtsvermerk
Datum der Herstellung, der Veröffentlichung, des Vertriebs oder des Urheberschutzvermerks ©2024.
300 ## - Physische Beschreibung
Umfang 1 online resource (298 pages)
336 ## - Inhaltstyp
Inhaltstypterm Text
Inhaltstypcode txt
Quelle rdacontent
337 ## - Medientyp
Bezeichnung des Medientyps Computermedien
Medientypcode c
Quelle rdamedia
338 ## - Datenträgertyp
Datenträgertypbezeichnung Online Resource
Datenträgertypcode cr
Quelle rdacarrier
490 1# - Gesamttitelangabe
Gesamttitelangabe Reimagining Ireland Series ;
Bandnummer/Folgebezeichnung v.128
500 ## - Allgemeine Fußnote
Allgemeine Fußnote E-Book-ProQuest / Fernzugriff nach Registrierung möglich
520 ## - Fußnote zu Zusammenfassungen usw.
Fußnote zur Zusammenfassung usw. The book explores the origins, evolution and mobilisation of anti-war activism in Ireland from the 1950s.
653 ## - Indexierungsterm - Nicht normiert
Nicht-normierter Term Ireland-Politics and government-1949-.
655 ## - Indexierungsterm - Genre/Form
Genre/Form oder fokussierter Term Fernzugriff
Koha-Normdatenidentnummer 230
655 #4 - Indexierungsterm - Genre/Form
Genre/Form oder fokussierter Term
700 1# - Nebeneintragung - Personenname
Personenname Louvet, Marie-Violaine.
Koha-Normdatenidentnummer 65557
776 08 - Andere physische Form
Verweisungsphrase Print version:
Haupteintragung Maher, Eamon
Titel The Irish Against the War
Ort, Verlag und Erscheinungsjahr Oxford : Peter Lang Ltd. International Academic Publishers,c2024
Internationale Standardbuchnummer 9781800799981
830 #0 - Nebeneintragung unter dem Gesamttitel - Einheitstitel
Einheitstitel Reimagining Ireland Series
Koha-Normdatenidentnummer 65807
856 40 - Elektronische Adresse und Zugriff
URL <a href="https://ebookcentral.proquest.com/lib/maxweberstiftung-ebooks/detail.action?docID=31192052">https://ebookcentral.proquest.com/lib/maxweberstiftung-ebooks/detail.action?docID=31192052</a>
OPAC-Notiz Volltext
942 ## - Zusätzliche Felder (Koha)
Koha-Medientyp E-Books
Exemplare
Ausgeschieden Verloren Klassifikation oder Aufstellungssystematik Beschädigt Nicht entleihbar Heimatbibliothek Aufenthaltsbibliothek Aufstellungsort Erwerbungsdatum Inventarnummer Signatur Barcode Letzte Aktivität Preis gültig von Koha-Medientyp
    Andere/Generische Klassifikation     MWN Osteuropa MWN Osteuropa Online-Ressource 17/02/2025 25-e00236 E-25-e00236 75070 17/02/2025 17/02/2025 E-Books